000
00267nam a22001097a 4500
008
211116b ||||| |||| 00| 0 eng d
050
_a
005
_b
1
245
_a
Introduction To Coding,Grade-VII,Teacher Handbook
260
_a
Delhi
_b
CBSE
300
_a
1
942
_c
BK
_2
ddc
999
_c
11898
_d
11898